Comentários à lei de licitações e contratos administrativos : (Record no. 212)

MARC details
000 -LÍDER
Campo Fixo de Controle 01240cam a2200301 a 4500
001 - NÚMERO DE CONTROLE
Campo de Controle 212
003 - IDENTIFICAÇÃO DO NÚMERO DE CONTROLE
Campo de Controle BR-CuiBMT
005 - DATA E HORA DA ÚLTIMA ATUALIZAÇÃO
Campo de Controle 20231117171209.0
008 - DADOS FIXOS
Dados Fixos 230830s2022 mgba 000 0 por d
020 ## - INTERNATIONAL STANDARD BOOK NUMBER
Nº do ISBN 9786555183238 (v. 1)
020 ## - INTERNATIONAL STANDARD BOOK NUMBER
Nº do ISBN 9786555183245 (v. 2)
040 ## - AGÊNCIA CATALOGADORA
Código da Agência Catalogadora BR-CuiBMT
Agência que transcreveu o registro BR-CuiBMT
080 ## - Nº DA CLASSIFICAÇÃO DECIMAL UNIVERSAL
Nº edição CDU 2007
Nº Class. CDU 342.92
090 ## - NÚMERO DE CHAMADA
Nº classificação 342.92
Cutter C732
245 00 - TÍTULO PRINCIPAL
Título principal Comentários à lei de licitações e contratos administrativos :
Subtítulo Lei n° 14.133, de 1° de abril de 2021 /
Indicação de responsabilidade Cristina Fortini, Rafael Sérgio Lima de Oliveira, Tatiana Camarão, coordenadores ; prefácio Benjamin Zymler.
260 ## - PUBLICAÇÃO, DISTRIBUIÇÃO, ETC.
Local de publicação Belo Horizonte :
Editora Fórum,
Data 2022.
300 ## - DESCRIÇÃO FÍSICA
N. páginas ou volumes 2 v. :
Ilustrações il. ;
Dimensões 24 cm
504 ## - NOTA DE BIBLIOGRAFIA, ETC.
Nota de bibliografia Inclui bibliografia.
505 0# - NOTA DE CONTEÚDO
Nota de conteúdo Conteúdo completo: v. 1. Artigos 1° ao 70 -- v. 2. Artigos 71 ao 194.
590 ## - NOTA LOCAL
Nota local A Biblioteca possui a 1. reimpr. 2022.
650 ## - ASSUNTO TÓPICO
Cabeçalho tópico ou nome geográfico Direito administrativo
Subdivisão geral Licitações
Subdivisão geográfica Brasil
650 ## - ASSUNTO TÓPICO
Cabeçalho tópico ou nome geográfico Contratos administrativos
Subdivisão geral Administração pública
Subdivisão geográfica Brasil
650 ## - ASSUNTO TÓPICO
Cabeçalho tópico ou nome geográfico Contratação pública
Subdivisão geral Normas de controle
700 1# - ENTRADA SECUNDÁRIA -- NOME PESSOAL
Nome pessoal Fortini, Cristiana,
Datas associadas ao nome 1973-
Cód. do termo explicativo coord.
700 1# - ENTRADA SECUNDÁRIA -- NOME PESSOAL
Nome pessoal Oliveira, Rafael Sérgio Lima de
Cód. do termo explicativo coord.
700 1# - ENTRADA SECUNDÁRIA -- NOME PESSOAL
Nome pessoal Camarão, Tatiana Martins da Costa,
Datas associadas ao nome 1969-
Cód. do termo explicativo coord.
942 ## - ELEMENTOS DE ENTRADA ADICIONAIS (KOHA)
Fonte de classificação ou esquema de arquivamento Classificação Decimal Universal
Tipo de item do Koha Livros
Holdings
Estado: removido Estado: perdido Fonte de classificação ou esquema de arquivamento Estado: danificado Indisponível para empréstimo Localização permanente Localização atual Data de aquisição Numeração serial ou cronológica (Volume) Total Checkouts Número de Chamada completo Código de barras Date last seen Número do exemplar Preço efetivo a partir de Tipo de item (Koha) Nota pública
    Classificação Decimal Universal     Biblioteca da Escola Superior de Contas do TCE/MT Biblioteca da Escola Superior de Contas do TCE/MT 28/06/2023 v. 1   342.92 C732 BIBTCEMT23080191 30/08/2023 Ex. 1 30/08/2023 Livros 1. reimpr. 2022
    Classificação Decimal Universal     Biblioteca da Escola Superior de Contas do TCE/MT Biblioteca da Escola Superior de Contas do TCE/MT 28/06/2023 v. 2   342.92 C732 BIBTCEMT23100035 26/10/2023 Ex. 1 30/08/2023 Livros 1. reimpr. 2022
    Classificação Decimal Universal     Biblioteca da Escola Superior de Contas do TCE/MT Biblioteca da Escola Superior de Contas do TCE/MT 17/11/2023 v. 1   342.92 C732 BIBTCEMT23110698 17/11/2023 Ex. 2 17/11/2023 Livros 1. reimpr. 2022
    Classificação Decimal Universal     Biblioteca da Escola Superior de Contas do TCE/MT Biblioteca da Escola Superior de Contas do TCE/MT 17/11/2023 v. 1   342.92 C732 BIBTCEMT23110701 17/11/2023 Ex. 3 17/11/2023 Livros 1. reimpr. 2022
    Classificação Decimal Universal     Biblioteca da Escola Superior de Contas do TCE/MT Biblioteca da Escola Superior de Contas do TCE/MT 17/11/2023 v. 1   342.92 C732 BIBTCEMT23110702 17/11/2023 Ex. 4 17/11/2023 Livros 1. reimpr. 2022
    Classificação Decimal Universal     Biblioteca da Escola Superior de Contas do TCE/MT Biblioteca da Escola Superior de Contas do TCE/MT 17/11/2023 v. 1   342.92 C732 BIBTCEMT23110703 17/11/2023 Ex. 5 17/11/2023 Livros 1. reimpr. 2022
    Classificação Decimal Universal     Biblioteca da Escola Superior de Contas do TCE/MT Biblioteca da Escola Superior de Contas do TCE/MT 17/11/2023 v. 2   342.92 C732 BIBTCEMT23110704 17/11/2023 Ex. 2 17/11/2023 Livros 1. reimpr. 2022
    Classificação Decimal Universal     Biblioteca da Escola Superior de Contas do TCE/MT Biblioteca da Escola Superior de Contas do TCE/MT 17/11/2023 v. 2   342.92 C732 BIBTCEMT23110705 17/11/2023 Ex. 3 17/11/2023 Livros 1. reimpr. 2022
    Classificação Decimal Universal     Biblioteca da Escola Superior de Contas do TCE/MT Biblioteca da Escola Superior de Contas do TCE/MT 17/11/2023 v. 2   342.92 C732 BIBTCEMT23110706 17/11/2023 Ex. 4 17/11/2023 Livros 1. reimpr. 2022
    Classificação Decimal Universal     Biblioteca da Escola Superior de Contas do TCE/MT Biblioteca da Escola Superior de Contas do TCE/MT 17/11/2023 v. 2   342.92 C732 BIBTCEMT23110707 17/11/2023 Ex. 5 17/11/2023 Livros 1. reimpr. 2022

Powered by Koha